banner koha

Pesquisa em agro-silvicultura desenvolvida pela Unidade Regional de Pesquisa Florestal Centro-Sul-URPFCS (PNPF-EMBRAPA/IBDF)[consorciacao de cultura, Brasil] (Registro n. 334162)

MARC details
000 -LÍDER
campo de controle de tamanho fixo 01224naa a22003017a 4500
001 - NÚMERO DE CONTROLE
campo de controle BR8203242
003 - IDENTIFICADOR DO NÚMERO DE CONTROLE
campo de controle BR-BrBNA
005 - DATA E HORÁRIO DA ÚLTIMA TRANSAÇÃO
campo de controle 20250721143200.0
007 - CAMPO FIXO DE DESCRIÇÃO FÍSICA--INFORMAÇÃO GERAL
campo de controle de tamanho fixo ta
008 - CAMPO DE DADOS FIXOS--INFORMAÇÃO GERAL
campo de controle de tamanho fixo 250630b bl.|||m| |||| 00| 0 por d
040 ## - FONTE DA CATALOGAÇÃO
Instituição da catalogação original BR-BrBNA
Idioma da catalogação por
Instituição que transcreveu o registro Biblioteca Nacional de Agricultura
041 ## - CÓDIGO DE IDIOMA
Código do idioma do texto/trilha sonora ou título diferente (Pt)
072 ## - CÓDIGO DE CATEGORIA DE ASSUNTO
Código de Categoria de Assunto K10
Código do objeto 3140
-- 2140
-- 0120
-- 1410
-- G514
090 ## - NÚMERO DE CHAMADA LOCAL
Número de chamada K10 BR8203242
100 1# - ENTRADA PRINCIPAL--NOME PESSOAL
Nome pessoal Schreiner, H.G.
111 1# - ENTRADA PRINCIPAL--NOME DO EVENTO
Nome do evento ou lugar 4. Congresso Florestal Brasileiro
Local do evento Belo Horizonte, MG (Brazil)
Data do evento ou assinatura do tratado 10 May 1982
245 1# - TÍTULO
Título Pesquisa em agro-silvicultura desenvolvida pela Unidade Regional de Pesquisa Florestal Centro-Sul-URPFCS (PNPF-EMBRAPA/IBDF)[consorciacao de cultura, Brasil]
490 ## - TÍTULO DA SÉRIE
Título da série Documentos - Unidade Regional de Pesquisa Florestal Centro-Sul (Brazil)
Número do volume ou designação sequencial da série no. 10
500 ## - NOTA GERAL
Nota geral Contribuicao da URPFCS ao 4. Congresso Florestal Brasileiro<br/>Curitiba, PR (Brasil): 1982. p. 117-119<br/>(BR8203242-AMS)<br/>
650 ## - ASSUNTO--TERMO TÓPICO
Cabeçalho tópico ou nome geográfico PINHEIRO
650 ## - ASSUNTO--TERMO TÓPICO
Cabeçalho tópico ou nome geográfico MATE
650 ## - ASSUNTO--TERMO TÓPICO
Cabeçalho tópico ou nome geográfico MILHO
650 ## - ASSUNTO--TERMO TÓPICO
Cabeçalho tópico ou nome geográfico FEIJAO
650 ## - ASSUNTO--TERMO TÓPICO
Cabeçalho tópico ou nome geográfico CONSORCIACAO DE CULTURA
773 0# - ENTRADA ANALÍTICA
Título Contribuicao da URPFCS ao 4. Congresso Florestal Brasileiro
Número de controle do registro K10 BR8203242
Partes relacionadas Curitiba, PR (Brasil), 1982. p. 117-119
942 ## - ELEMENTOS DE ENTRADA ADICIONADOS (KOHA)
Tipo de material Koha Analítica de Monografia Seriada
Fonte da classificação ou esquema de arquivamento na estante Classificação AGRIS
909 ## -
-- 202506
-- Lúcia
-- 55
-- Lúcia Elande
Exemplares
Situação do descarte Fonte da classificação ou esquema de arquivamento na estante Situação física Não pode ser emprestado Coleção Biblioteca de origem Biblioteca atual Total de empréstimos Data de último acesso Número do exemplar Tipo de material Koha Situação das perdas Data de aquisição Fonte de aquisição
  Classificação AGRIS       Biblioteca Nacional de Agricultura - Binagri Biblioteca Nacional de Agricultura - Binagri   30/06/2025 01 Analítica de Monografia Seriada   2025-06-30 Portaria Interministerial nº 164/94

BINAGRI

Telefone: (61)3218-2567/2388/3357/2097 - binagri@agro.gov.br

Ministério da Agricultura e Pecuária , Esplanada dos Ministérios, Bloco D, Anexo B, Brasília/DF, CEP: 70.043-900